| 000 | 00378pab a2200157 454500 | ||
|---|---|---|---|
| 008 | 180718b1999 xxu||||| |||| 00| 0 eng d | ||
| 100 | _aRaji Gain, T.S. | ||
| 245 | _aAccess of women to banking - issues and approaches | ||
| 260 | _c1999 | ||
| 300 | _ap.3-7 | ||
| 362 | _aJul | ||
| 650 | _aBanks | ||
| 650 | _aWomen in finance | ||
| 773 | _aBanking Finance | ||
| 909 | _a41717 | ||
| 999 |
_c41717 _d41717 |
||